00346 a2200121 450000500170000002000220001708200150003910000130005424500940006725000110016126000350017230000170020720250613082058.0 a978-1-473-60784-2 a658.15 MAS aMASON, R aFinance for Non-Financial Managers in a Week: Understanding Finance in Seven Simple Steps a9th Ed aLondonbHodder Educationc2016 a123p.c20 cm